00797nam a22002057a 450000500170000001000150001702000260003203500140005803700090007208200130008110000170009424500650011125000060017626000360018227001520021830000200037094200240039099900190041495201580043320260612155702.0 aENG-148830 c200.00a9789391399894 aEN-132362 bDBAD a248.421 aSilva, Vinay aEnjoying God's Presence as a Catholic Disciple!cVinay Silva a1 bATC PublishersaBengaluruc2023 aSt's Mary Block, Archdiocesan,Pastoral Center,#5, Nandidurga Road,Benson TownbBengalurue560046k+918025491999k7090100444minfo@atcpublishers.com a151p.c21cm(pb) 2ddccENh248.4mSIL c216628d216628 001040718NFICaDBADbDBADd2026-06-12eDelivery of Books Act Divisiong200.00l0o248.4 SILpEN-132362r2026-06-12 15:57:46t1v200.00w2026-06-12yEN